02202 2200289 4500001002100000005001500021035002000036007000300056008004100059020002200100100003500122245013100157250002800288300004200316700003600358504002900394264003200423336002100455337003000476338002300506500129300529082001001822084001901832650002201851650002301873990001601896INLIS00000000116540020250327084424 a0010-0325000125ta250327 g | ind  a978-623-02-6813-70 aPrismita Nursetyowatiepenulis1 aPemilihan sampah menuju zero waste :bsebuah aksi kecil untuk perubahan besar /cPrismita Nursetyowati, Deffi Ayu Puspito Sari aCetakan ke 1: juli 2023 axii, 62 halaman :bilustrasi ;c20 cm0 aDeffi Ayu Puspito Sariepenulis abibliografi : halaman 54 aSleman :bDeepublish,c2023 2rdacontentaTeks 2rdamediaaTanpa perantara 2rdacarrieraVolume aSampah adalah bagian dari kehidupan kita. Hampir setiap aktivitas yang kita lakukan akan menghasilkan sampah yang wajib kita kelola dengan baik. Akan tetapi, tidak banyak yang menyadari bahwa bila dikelola dengan bijaksana, sampah merupakan material dengan sejuta potensi di dalamnya. Sejalan dengan konsep Zero Waste yang diusung pemerintah NTB, sampah dipandang sebagai sumber daya yang masih sangat berharga dan akan diproses menjadi produk yang bernilai. Oleh karena itu, untuk memaksimalkan potensi sampah menjadi sumber daya, tahap pemilahan menjadi sangat vital. Tahap ini seringkali terlupakan dalam pengelolaan sampah di suatu daerah, padahal aksi kecil dari sumber bisa membuat perubahan lingkungan dan ekonomi sangat besar. Dalam modul pelatihan ini akan dipaparkan secara runut pengetahuan dan keterampilan praktis untuk memilah sampah. Diharapkan setelah memahami isi modul ini, peserta akan berpikir: “Ternyata memilah itu mudah dan menguntungkan!” dan mulai memilah mandiri sampah dari sumbernya, sekarang juga. Selain itu buku ini dapat digunakan sebagai bahan ajar pada mata kuliah Pengelolaan Limbah Padat, Pengantar Teknik Lingkungan, Isu Lingkungan Terkini, Ekonomi Valuasi Lingkungan dan Sumber Daya Alam dan Lingkungan, dan Analisis Sistem Pengelolaan Lingkungan a628.4 aSR 628.4 PRI p 4aSampah, Teknologi 4aSampah, Pembuangan a55688.68508